Design and control of concrete mixtures

Պահպանված է:
Մատենագիտական մանրամասներ
Ձևաչափ: Գիրք
Լեզու:English
Հրապարակվել է: Chicago Ill. Portland Cement Association. 1952
Հրատարակություն:Tenth
Խորագրեր:
Ցուցիչներ: Ավելացրեք ցուցիչ
Չկան պիտակներ, Եղեք առաջինը, ով նշում է այս գրառումը!

MARC

LEADER 00000nam a2200000Ia 4500
003 000489
005 20221231144013.0
008 140114s9999 xxua 000 ||eng d
040 |c cru CEDI  
082 |a 666.893 D45d 
245 |a Design and control of concrete mixtures 
250 |a Tenth  
260 |a Chicago Ill. Portland Cement Association.  |c 1952 
300 |a 69 páginas ; ilustraciones 
650 |x HORMIGON  |x CEMENTO PORTLAND   |x CEMENTO - ADITIVOS  |9 19648 
942 |2 ddc  |c BK 
999 |c 15477  |d 15477